TV Shows: Finish The Catchphrase Quiz Stats

 Plays Quiz Updated Mar 17, 2018

Score 0/20 Timer 06:00
11 Plays Today
% Correct
Live long and prosper.
96.6%
Eat my shorts.
92.3%
Oh my God, they killed Kenny!
92.3%
Live from New York, it's Saturday Night!
91%
How YOU doin'?
90.6%
Whatchu talkin' bout, Willis?
89.3%
That's what she said.
85.1%
It's going to be legen - wait for it - dary.
83.9%
No soup for you!
80.2%
Did I do that?
79.4%
% Correct
Goodnight, John Boy.
74.8%
Book 'em, Danno.
74%
Up your nose with a rubber hose.
67.5%
Say goodnight, Gracie.
65.8%
God'll get you for that, Walter.
65.6%
You got it, dude.
65.4%
Kiss my grits!
65.3%
One of these days, Alice. POW! Straight to the moon.
62.8%
Who loves you, baby?
59.8%
I'm coming to join you, Elizabeth!
26%

You're not logged in!

Compare scores with friends on all Sporcle quizzes.
OR
Log In

You Might Also Like...

Show Comments

Extras

Top Quizzes Today


Score Distribution

Your Account Isn't Verified!

In order to create a playlist on Sporcle, you need to verify the email address you used during registration. Go to your Sporcle Settings to finish the process.

Report this User

Report this user for behavior that violates our Community Guidelines.

Details: